000 00558ntaaa2200205 4500
003 01
005 20251027202202.0
008 0714s1973 ag 01
040 _aAR-BaBN
_bspa
_cAR-BaBN
_eaacr
_dRIC
082 _a267.1400 C77
100 _aCook, Robert S
_920393
245 _aA church training adults
250 _a1 ed.
260 _aNashville :
_bConvention Press,
_cc1966
300 _a152 p
500 _aLa Unión Bautista de Preparación para Adultos
650 _aUnión bautista de preparación
_917021
650 _aadultos
_92470
942 _cBK
999 _c16786
_d16786